Evaluación experimental de algunos parámetros que influyen en el proceso de secado de granos por contacto en un medio particulado caliente.

Evalúa experimentalmente la influencia que ejercen algunos parámetros en el proceso de un material granular inmenso en un medio de partículas calientes utilizando un secador del tipo batch. Aborda los modelos matemáticos de los coeficientes de transformación de calor y examina los elementos que...

Full description

Bibliographic Details
Main Author: Gamero P., Rafael
Other Authors: Tutor: Tórrez Mairena, Norvin
Format: Tesis Section = Libro
Language:Undetermined
Spanish
Published: Managua UNI 1993
Subjects:
LEADER 01395nam a2200217Ia 4500
008 240830s9999 xx 000 0 und d
040 |a BIBLIOTECA-RUSB/ Mon 541.39 G193 
041 |a spa 
082 |a Mon 541.39 G193 
100 1 |a Gamero P., Rafael 
245 1 0 |a Evaluación experimental de algunos parámetros que influyen en el proceso de secado de granos por contacto en un medio particulado caliente. 
260 |a Managua  |b UNI  |c 1993 
300 |a 53 p. :il. 
502 |a Tesis (Ingeniero Químico) - UNI, 1993. 
520 3 |a Evalúa experimentalmente la influencia que ejercen algunos parámetros en el proceso de un material granular inmenso en un medio de partículas calientes utilizando un secador del tipo batch. Aborda los modelos matemáticos de los coeficientes de transformación de calor y examina los elementos que contribuyen en cada uno de los modelos y están relacionados con los parámetros estudiados. Contiene pruebas experimentales utilizando sorgo como modelo experimental por tener mejor forma y tamaño entre los granos básicos más importantes, los parámetros evaluados son la velocidad de agitación, la relación de mezcla inerte-grano y el tipo de material inerte. 
650 7 |a REACCIONES Y SINTESIS QUIMICAS 
650 7 |b  ACEITE DE SEMILLA - NIM 
700 1 |a Tutor:  |b Tórrez Mairena, Norvin 
942 |c BK  |2 ddc 
991 |a TESIS 
999 |c 19994